[Event "EYb18, Budva YUG"]
[Site "?"]
[Date "2003.??.??"]
[Round "5"]
[White "Zhigalko, A."]
[Black "L'Ami, E."]
[Result "1-0"]
[WhiteElo "2465"]
[BlackElo "2435"]
[PlyCount "55"]
[EventDate "2003.??.??"]

1. e4 c6 2. d4 d5 3. e5 Bf5 4. Nd2 e6 5. Nb3 Nd7 6. Nf3 Ne7 7. Be2 Bg4 8. O-O
Nf5 9. c3 Be7 10. Ne1 Bxe2 11. Qxe2 h5 12. Nc2 Bg5 13. Ne3 Nxe3 14. fxe3 f5 15.
exf6 Nxf6 16. Nc5 Qe7 17. e4 Bxc1 18. Raxc1 b6 19. Nd3 dxe4 20. Nf2 O-O 21.
Nxe4 Nxe4 22. Qxe4 Qd6 23. Rce1 Rxf1+ 24. Rxf1 Qd5 25. Qf4 c5 26. Qf7+ Kh7 27.
Rf3 cxd4 28. Rh3 1-0

[Event "EYb18, Budva YUG"]
[Site "?"]
[Date "2003.??.??"]
[Round "5"]
[White "Kharitonov, Alexa"]
[Black "Manescu, T."]
[Result "1-0"]
[WhiteElo "2435"]
[BlackElo "2350"]
[PlyCount "137"]
[EventDate "2003.??.??"]

1. d4 Nf6 2. c4 c5 3. d5 b5 4. cxb5 a6 5. Nc3 g6 6. e4 d6 7. Nf3 Bg7 8. a4 O-O
9. Ra3 Nbd7 10. Be2 axb5 11. Bxb5 Ba6 12. Qc2 e6 13. O-O exd5 14. exd5 Nb6 15.
Rd1 Bxb5 16. axb5 Qd7 17. h3 Qb7 18. Bf4 Rfe8 19. Rxa8 Qxa8 20. Qd3 Qa5 21. Bh2
Qb4 22. Rd2 Qb3 23. Re2 Nc4 24. Qc2 Qxc2 25. Rxc2 Nb6 26. Rd2 Bf8 27. g4 Nc4
28. Re2 Nb6 29. Nd2 Rc8 30. Nde4 Ne8 31. Kg2 h6 32. b3 Rd8 33. Na4 Nxd5 34. Rd2
Ndc7 35. b6 Ne6 36. b7 Rb8 37. Nexc5 N6c7 38. Re2 Kg7 39. Nd7 Rxb7 40. Nxf8
Kxf8 41. Re3 Ne6 42. Rd3 Ke7 43. Kf1 Rb4 44. Nc3 Rd4 45. Nd5+ Kd7 46. Ke2 Kc6
47. Ne3 Nf4+ 48. Bxf4 Rxf4 49. Rc3+ Kd7 50. Nd5 Re4+ 51. Kd3 Re1 52. b4 Rf1 53.
Ke2 Rb1 54. Ke3 Ke6 55. Nf4+ Kd7 56. Nd3 Nc7 57. Rc4 Ne6 58. Rc1 Rxc1 59. Nxc1
d5 60. Ne2 Kd6 61. f4 Nc7 62. Nd4 Na8 63. Nf3 Nc7 64. Ne5 Ke6 65. Kd4 Nb5+ 66.
Kc5 Nd6 67. Nf3 f6 68. Nd4+ Kd7 69. Kxd5 1-0

[Event "EYb18, Budva YUG"]
[Site "?"]
[Date "2003.??.??"]
[Round "5"]
[White "Bratovic, B."]
[Black "Laznicka, V."]
[Result "1/2-1/2"]
[WhiteElo "2320"]
[BlackElo "2445"]
[PlyCount "50"]
[EventDate "2003.??.??"]

1. e4 e6 2. d4 d5 3. Nc3 Nf6 4. e5 Nfd7 5. f4 c5 6. Nf3 Nc6 7. Be3 a6 8. Qd2 b5
9. dxc5 Bxc5 10. Bxc5 Nxc5 11. Qf2 Qe7 12. Bd3 b4 13. Ne2 a5 14. O-O Ba6 15.
Rfd1 Qa7 16. Ned4 Nxd4 17. Nxd4 Na4 18. Rab1 g6 19. g4 Bxd3 20. cxd3 O-O 21. f5
gxf5 22. gxf5 Kh8 23. Kh1 f6 24. Qf4 exf5 25. Nxf5 Qc7 1/2-1/2

[Event "EYb18, Budva YUG"]
[Site "?"]
[Date "2003.??.??"]
[Round "5"]
[White "Smeets, J."]
[Black "Kalata, P."]
[Result "1-0"]
[WhiteElo "2475"]
[BlackElo "2255"]
[PlyCount "81"]
[EventDate "2003.??.??"]

1. e4 c5 2. Nf3 d6 3. d4 cxd4 4. Nxd4 Nf6 5. Nc3 a6 6. Be3 Ng4 7. Bg5 h6 8. Bh4
g5 9. Bg3 Bg7 10. h3 Nf6 11. Qf3 Qb6 12. O-O-O Nc6 13. Nxc6 Qxc6 14. Be2 Nd7
15. Nd5 Ne5 16. Qe3 Be6 17. h4 Rc8 18. c3 Qc5 19. Qxc5 Rxc5 20. f3 Bxd5 21.
Rxd5 Rxd5 22. exd5 Ng6 23. hxg5 hxg5 24. Rxh8+ Bxh8 25. Bf1 Nf4 26. c4 Bd4 27.
Kc2 e6 28. dxe6 fxe6 29. Be1 d5 30. g3 Ng6 31. Bh3 Ne5 32. Bxe6 Nxf3 33. Bb4
dxc4 34. Bd5 g4 35. Bxb7 Be5 36. Bxa6 Bxg3 37. Bxc4 Be5 38. Bd5 Nd4+ 39. Kd3 g3
40. Bc3 Ne6 41. Bxe5 1-0

[Event "EYb18, Budva YUG"]
[Site "?"]
[Date "2003.??.??"]
[Round "5"]
[White "Grachev, B."]
[Black "Jakymov, V."]
[Result "1/2-1/2"]
[WhiteElo "2500"]
[BlackElo "2360"]
[PlyCount "190"]
[EventDate "2003.??.??"]

1. d4 f5 2. g3 Nf6 3. Bg2 g6 4. Nf3 Bg7 5. O-O O-O 6. b4 d6 7. Bb2 c6 8. c4 a5
9. b5 cxb5 10. cxb5 h6 11. Nc3 Nbd7 12. Nh4 Kh7 13. e4 e6 14. Qd3 Ne8 15. Rfe1
Nb6 16. Rab1 Qc7 17. Bf1 Qf7 18. Ba3 Bd7 19. Bg2 g5 20. Nf3 Rc8 21. Nd2 e5 22.
d5 f4 23. f3 h5 24. Ne2 Bh6 25. gxf4 gxf4 26. Kh1 Rg8 27. Rbc1 Bg5 28. Rxc8
Bxc8 29. Ng1 Bh4 30. Re2 Bd7 31. Qb3 a4 32. Qb4 Qg6 33. Qa5 Bd8 34. Qb4 Rg7 35.
Nb1 Bh4 36. Bc1 Nc7 37. Na3 Ne8 38. Bd2 Qg5 39. Qa5 Qd8 40. Qa7 Qc7 41. Bb4 Nc8
42. Qxa4 Qc1 43. Qc2 Qxc2 44. Rxc2 Bd8 45. Nb1 Nb6 46. Bf1 Na4 47. Nc3 Bb6 48.
Rg2 Nxc3 49. Bxc3 Rf7 50. a4 Bc5 51. Be1 Bc8 52. Rc2 Rg7 53. Bf2 b6 54. Nh3 Ra7
55. Bxc5 dxc5 56. Ra2 Nd6 57. Nf2 Bd7 58. Kg2 c4 59. Nd1 Bxb5 60. Nc3 Bd7 61.
Rb2 Rb7 62. Rb4 Kg7 63. Kf2 Kf6 64. Ke1 Ke7 65. Kd2 Rb8 66. Bxc4 Rg8 67. Be2 h4
68. Rxb6 Rg2 69. Rb1 Rxh2 70. Rg1 Kd8 71. Ke1 Rh3 72. Kf2 Rg3 73. a5 Kc7 74.
Rc1 Kb7 75. Rb1+ Ka7 76. Rb6 Nb7 77. Rh6 h3 78. Bf1 Nc5 79. a6 Kb8 80. Rh8+ Ka7
81. Rh7 Kb6 82. Rh6+ Ka7 83. Rh5 Kb6 84. Rh7 Ka7 85. d6 Kb8 86. Rh8+ Ka7 87.
Rh7 Kb8 88. Rh8+ Ka7 89. Nd5 Rg6 90. Bxh3 Bxh3 91. Rxh3 Rxd6 92. Ke2 Rxa6 93.
Rh7+ Kb8 94. Rh8+ Kb7 95. Rh7+ Kb8 1/2-1/2

[Event "EYb18, Budva YUG"]
[Site "?"]
[Date "2003.??.??"]
[Round "6"]
[White "Smeets, J."]
[Black "Grachev, B."]
[Result "1-0"]
[WhiteElo "2475"]
[BlackElo "2500"]
[PlyCount "107"]
[EventDate "2003.??.??"]

1. e4 c5 2. Nf3 d6 3. d4 cxd4 4. Nxd4 Nf6 5. Nc3 a6 6. Be3 e5 7. Nb3 Be6 8. f3
Be7 9. Qd2 O-O 10. O-O-O Qc7 11. g4 Rc8 12. g5 Nh5 13. Kb1 Nd7 14. Qf2 b5 15.
h4 b4 16. Nd5 Bxd5 17. Rxd5 a5 18. Bh3 a4 19. Nc1 Rcb8 20. Bg4 Nf4 21. Bxf4
exf4 22. Bxd7 Qxd7 23. Nd3 b3 24. cxb3 axb3 25. a3 Rc8 26. Nxf4 Rc2 27. Qb6 Qa4
28. Qb4 Qxb4 29. axb4 f6 30. Rd3 fxg5 31. Nd5 Bd8 32. Rxb3 Rf2 33. hxg5 Bxg5
34. b5 Rb8 35. b6 h5 36. Rxh5 Rf1+ 37. Ka2 Bd8 38. b7 Rc1 39. Nc3 Kf7 40. Rh8
Ke7 41. Rg8 Kd7 42. Rxg7+ Kc6 43. Rg8 Bc7 44. Rxb8 Bxb8 45. Nd5 Re1 46. Rb6+
Kc5 47. b4+ Kd4 48. Rc6 Rf1 49. Rc8 Rf2+ 50. Kb1 Rf1+ 51. Kc2 Rf2+ 52. Kc1 Rf1+
53. Kd2 Ba7 54. Ra8 1-0

[Event "EYb18, Budva YUG"]
[Site "?"]
[Date "2003.??.??"]
[Round "6"]
[White "Jakymov, V."]
[Black "L'Ami, E."]
[Result "1-0"]
[WhiteElo "2360"]
[BlackElo "2435"]
[PlyCount "63"]
[EventDate "2003.??.??"]

1. e4 c5 2. Nc3 d6 3. g3 Nc6 4. Bg2 g6 5. d3 Bg7 6. Be3 e5 7. Qd2 Nge7 8. f4
O-O 9. Nf3 Nd4 10. O-O exf4 11. Bxf4 Be6 12. Bh6 Nec6 13. Bxg7 Kxg7 14. Rae1
Nxf3+ 15. Rxf3 Ne5 16. Rff1 Rb8 17. Nd1 h6 18. Ne3 b5 19. a3 a5 20. h4 b4 21.
Nf5+ gxf5 22. exf5 Rh8 23. fxe6 fxe6 24. d4 cxd4 25. Rxe5 dxe5 26. Qe2 Rf8 27.
Qg4+ Kh8 28. Qxe6 Kg7 29. Qxe5+ Kg8 30. Bd5+ Kh7 31. Be4+ Kg8 32. Qe6+ 1-0

[Event "EYb18, Budva YUG"]
[Site "?"]
[Date "2003.??.??"]
[Round "6"]
[White "Bartel, Mat"]
[Black "Zhigalko, A."]
[Result "1-0"]
[WhiteElo "2450"]
[BlackElo "2465"]
[PlyCount "57"]
[EventDate "2003.??.??"]

1. e4 c5 2. Nf3 d6 3. c3 Nf6 4. Bd3 Bg4 5. Bc2 Nc6 6. h3 Bxf3 7. Qxf3 g6 8. O-O
Bg7 9. Qe2 O-O 10. a3 Nd7 11. d3 b5 12. Be3 a5 13. Nd2 Qb6 14. Rac1 a4 15. f4
Qa6 16. Ra1 Nb6 17. Qf2 Rab8 18. f5 b4 19. axb4 cxb4 20. d4 a3 21. cxb4 a2 22.
Bb3 gxf5 23. Rxa2 Qd3 24. Ra3 Qxd4 25. b5 Qxe3 26. Bxf7+ Rxf7 27. Rxe3 f4 28.
bxc6 Bd4 29. Rg3+ 1-0

[Event "EYb18, Budva YUG"]
[Site "?"]
[Date "2003.??.??"]
[Round "6"]
[White "Karakehajov, K."]
[Black "Miljkovic, Mir"]
[Result "1/2-1/2"]
[WhiteElo "2330"]
[BlackElo "2410"]
[PlyCount "23"]
[EventDate "2003.??.??"]

1. d4 d5 2. Nf3 Nf6 3. e3 c6 4. Bd3 Bg4 5. b3 Nbd7 6. Bb2 e6 7. O-O Bd6 8. Nbd2
O-O 9. c4 Qe7 10. Qc2 Bh5 11. Rfe1 Ba3 12. Bxa3 1/2-1/2

[Event "EYb18, Budva YUG"]
[Site "?"]
[Date "2003.??.??"]
[Round "6"]
[White "Meszaros, T."]
[Black "Dimitrijevic, A."]
[Result "1-0"]
[WhiteElo "2305"]
[BlackElo "2380"]
[PlyCount "81"]
[EventDate "2003.??.??"]

1. e4 Nf6 2. e5 Nd5 3. d4 d6 4. Nf3 g6 5. Bc4 Nb6 6. Bb3 Bg7 7. Ng5 d5 8. a4
O-O 9. Be3 a5 10. O-O Na6 11. Qd2 Nb4 12. c3 Na6 13. h3 Bd7 14. Nf3 Rc8 15. Rd1
Qe8 16. Ra3 Nc4 17. Bxc4 dxc4 18. Bh6 Bxa4 19. Re1 b6 20. Re4 Bc2 21. Rh4 g5
22. Qxc2 gxh4 23. Ng5 f5 24. exf6 Qg6 25. Qxg6 hxg6 26. Bxg7 Rfd8 27. fxe7 Rd7
28. Bf6 c5 29. Nd2 cxd4 30. cxd4 Nb4 31. Re3 Re8 32. Re6 Nd5 33. Nde4 c3 34.
Nxc3 Nxf6 35. Rxf6 Rexe7 36. d5 Re1+ 37. Kh2 b5 38. d6 Kg7 39. Nce4 Re2 40. Re6
Kf8 41. Nc5 1-0

[Event "EYb18, Budva YUG"]
[Site "?"]
[Date "2003.??.??"]
[Round "6"]
[White "Borisek, J."]
[Black "Krivokapic, M."]
[Result "1/2-1/2"]
[WhiteElo "2440"]
[BlackElo "2310"]
[PlyCount "62"]
[EventDate "2003.??.??"]

1. e4 e5 2. Nf3 Nf6 3. d4 Nxe4 4. Bd3 d5 5. Nxe5 Nd7 6. Nxd7 Bxd7 7. O-O Bd6 8.
c4 c6 9. cxd5 cxd5 10. Nc3 Nxc3 11. bxc3 O-O 12. Qh5 g6 13. Qxd5 Qc7 14. Qf3
Qxc3 15. Bh6 Rfe8 16. Qf6 Bf8 17. Bxf8 Rxf8 18. Be4 Be6 19. Bxb7 Rad8 20. Rfd1
Bxa2 21. Rxa2 Qb3 22. Rad2 Qxb7 23. d5 Rfe8 24. d6 Qb4 25. h4 Rd7 26. Rd4 Qb3
27. h5 Qe6 28. Qh4 a5 29. Rd5 Ra8 30. Qa4 h6 31. hxg6 fxg6 1/2-1/2

[Event "EYb18, Budva YUG"]
[Site "?"]
[Date "2003.??.??"]
[Round "6"]
[White "Manescu, T."]
[Black "Woodward, T."]
[Result "1/2-1/2"]
[WhiteElo "2350"]
[BlackElo "2285"]
[PlyCount "80"]
[EventDate "2003.??.??"]

1. e4 c6 2. d4 d5 3. Nc3 dxe4 4. Nxe4 Bf5 5. Ng3 Bg6 6. h4 h6 7. Nf3 Nd7 8. h5
Bh7 9. Bd3 Bxd3 10. Qxd3 e6 11. Bf4 Bb4+ 12. c3 Be7 13. Ne4 Ngf6 14. Nd6+ Bxd6
15. Bxd6 Qa5 16. Bb4 Qc7 17. g3 a5 18. Ba3 b5 19. Nd2 Nd5 20. c4 b4 21. cxd5
cxd5 22. Bxb4 axb4 23. O-O O-O 24. Rfc1 Qb7 25. Nb3 Rfc8 26. Nc5 Nxc5 27. Rxc5
Rcb8 28. Qf3 Qe7 29. Qf4 Qf6 30. Qxf6 gxf6 31. b3 f5 32. f4 Kg7 33. Kf2 Ra3 34.
Kf3 Rba8 35. Rb5 Rxb3+ 36. axb3 Rxa1 37. Rxb4 Rc1 38. Kf2 Rc3 39. Rb8 Rd3 40.
Rb4 Kf6 1/2-1/2

[Event "EYb18, Budva YUG"]
[Site "?"]
[Date "2003.??.??"]
[Round "6"]
[White "Gallissot, A."]
[Black "Lain, L."]
[Result "0-1"]
[WhiteElo "2090"]
[BlackElo "2260"]
[PlyCount "108"]
[EventDate "2003.??.??"]

1. e4 e5 2. Nf3 Nc6 3. Bc4 Bc5 4. c3 Nf6 5. d3 d6 6. Nbd2 a6 7. Bb3 O-O 8. Nf1
d5 9. exd5 Nxd5 10. Ng3 b5 11. O-O Bb7 12. Re1 Re8 13. Ng5 h6 14. Nxf7 Kxf7 15.
Qf3+ Ke6 16. Qf5+ Ke7 17. d4 Bb6 18. Qg6 Rg8 19. Re3 Qe8 20. Qxe8+ Rgxe8 21.
Bxd5 Kd6 22. Bxc6 Bxc6 23. Rxe5 Rxe5 24. Bf4 Ke6 25. Bxe5 g6 26. Re1 Kf7 27. f4
Bd5 28. a3 Re8 29. f5 c5 30. fxg6+ Kxg6 31. Ne2 Bc4 32. Nf4+ Kf5 33. Nh5 Kg6
34. Nf4+ Kf5 35. g4+ Kxg4 36. Ng2 cxd4 37. Bxd4 Bxd4+ 38. cxd4 Rxe1+ 39. Nxe1
Kf4 40. Kf2 Ke4 41. h4 Kxd4 42. Kf3 Be6 43. Kf4 Kc4 44. Ke5 Bg4 45. Kd6 Kb3 46.
Kc5 Be2 47. Ng2 a5 48. Nf4 Bf1 49. Nd5 Kxb2 50. Ne3 Be2 51. Nf5 Kxa3 52. Nxh6
b4 53. Nf5 b3 54. Nd4 b2 0-1

[Event "EYb18, Budva YUG"]
[Site "?"]
[Date "2003.??.??"]
[Round "6"]
[White "Niemi, K."]
[Black "Agaragimov, D."]
[Result "1-0"]
[WhiteElo "2105"]
[BlackElo "2245"]
[PlyCount "73"]
[EventDate "2003.??.??"]

1. e4 c5 2. Nf3 Nc6 3. d4 cxd4 4. Nxd4 Nf6 5. Nc3 e5 6. Ndb5 d6 7. Bg5 a6 8.
Na3 b5 9. Bxf6 gxf6 10. Nd5 f5 11. Bd3 Be6 12. O-O f4 13. c4 b4 14. Nc2 a5 15.
b3 Bg7 16. a3 bxa3 17. Rxa3 O-O 18. Qh5 Rb8 19. g3 Qd7 20. gxf4 Bg4 21. Qg5 f6
22. Qh4 exf4 23. f3 Bh3 24. e5 Bf5 25. Bxf5 Qxf5 26. Nd4 Qg6+ 27. Kf2 fxe5 28.
Nxc6 Qc2+ 29. Kg1 Rbe8 30. Rxa5 e4 31. Nce7+ Kh8 32. Ng6+ Kg8 33. Nde7+ Kf7 34.
Qxf4+ Bf6 35. fxe4 Kg7 36. Nxf8 Rxf8 37. Rg5+ 1-0

[Event "EYb18, Budva YUG"]
[Site "?"]
[Date "2003.??.??"]
[Round "6"]
[White "Rendle, T."]
[Black "Doncea, V."]
[Result "1/2-1/2"]
[WhiteElo "2240"]
[BlackElo "2200"]
[PlyCount "99"]
[EventDate "2003.??.??"]

1. e4 c5 2. Nf3 e6 3. b3 d5 4. exd5 exd5 5. Bb5+ Bd7 6. Bxd7+ Qxd7 7. O-O Nc6
8. Re1+ Be7 9. Ba3 O-O-O 10. d4 cxd4 11. Nxd4 Bf6 12. c3 Nge7 13. Nd2 Nf5 14.
N2f3 Rhe8 15. Qd3 g6 16. Bc5 Nfxd4 17. Nxd4 Bxd4 18. Bxd4 f5 19. f3 Rxe1+ 20.
Rxe1 Re8 21. Rd1 Qe6 22. Bf2 Qe2 23. a4 Qxd3 24. Rxd3 Re2 25. Bh4 Rb2 26. b4
Rb3 27. b5 Nb4 28. Re3 Nc2 29. Re8+ Kd7 30. Re7+ Kd6 31. Rxb7 Rxc3 32. Rxa7 d4
33. b6 Ne3 34. b7 Rc1+ 35. Kf2 Rc2+ 36. Kg3 Rxg2+ 37. Kh3 Kc7 38. Bg3+ Rxg3+
39. Kxg3 d3 40. b8=Q+ Kxb8 41. Rd7 d2 42. Kf4 d1=Q 43. Rxd1 Nxd1 44. Kg5 Nf2
45. Kh6 Nh3 46. Kxh7 Ng5+ 47. Kxg6 Nxf3 48. h3 f4 49. Kf5 Ng5 50. Kxf4 1/2-1/2

[Event "EYb18, Budva YUG"]
[Site "?"]
[Date "2003.??.??"]
[Round "6"]
[White "Gogin, R."]
[Black "Kurmann, O."]
[Result "1-0"]
[WhiteElo "2100"]
[BlackElo "2235"]
[PlyCount "77"]
[EventDate "2003.??.??"]

1. d4 e6 2. c4 Nf6 3. Nc3 c5 4. d5 exd5 5. cxd5 d6 6. e4 g6 7. f4 Bg7 8. Bb5+
Nfd7 9. a4 a6 10. Bd3 Qh4+ 11. g3 Qd8 12. Nf3 O-O 13. O-O Nf6 14. Kg2 Bg4 15.
h3 Bxf3+ 16. Qxf3 Nbd7 17. a5 Rb8 18. Bd2 Re8 19. Rfe1 Qc7 20. Na4 b5 21. axb6
Nxb6 22. Ba5 Nfd7 23. Bxa6 Qa7 24. Nxb6 Qxa6 25. Nxd7 Rxb2+ 26. Kh1 Qb5 27. Nb6
Bd4 28. e5 Rf2 29. Qa3 Bxa1 30. Qxa1 Qd3 31. Qc3 Qf5 32. Kg1 Ra2 33. exd6 Ree2
34. Qf3 Rxe1+ 35. Bxe1 Qxh3 36. Qh1 Qg4 37. d7 Qe2 38. d8=Q+ Kg7 39. Bc3+ 1-0

[Event "EYb18, Budva YUG"]
[Site "?"]
[Date "2003.??.??"]
[Round "7"]
[White "Krivokapic, M."]
[Black "Karakehajov, K."]
[Result "1/2-1/2"]
[WhiteElo "2310"]
[BlackElo "2330"]
[PlyCount "40"]
[EventDate "2003.??.??"]

1. e4 d5 2. exd5 Qxd5 3. d4 e5 4. dxe5 Qxd1+ 5. Kxd1 Nc6 6. Bb5 Bg4+ 7. f3
O-O-O+ 8. Bd2 Bd7 9. Bxc6 Bxc6 10. Nh3 Bc5 11. Nf4 Bd4 12. Nd3 Ne7 13. Bc3 Ng6
14. Nd2 Bb5 15. Re1 Bxd3 16. cxd3 Bxc3 17. bxc3 Rxd3 18. Kc2 Rhd8 19. Nb3 R3d5
20. e6 fxe6 1/2-1/2

[Event "EYb18, Budva YUG"]
[Site "?"]
[Date "2003.??.??"]
[Round "7"]
[White "Kharitonov, Alexa"]
[Black "Bartel, Mat"]
[Result "0-1"]
[WhiteElo "2435"]
[BlackElo "2450"]
[PlyCount "76"]
[EventDate "2003.??.??"]

1. d4 f5 2. Bg5 g6 3. Nc3 Bg7 4. e4 fxe4 5. Nxe4 d5 6. Nc3 Nh6 7. Qd2 Nf7 8.
Bf4 O-O 9. Nf3 Nc6 10. Be2 Bf5 11. O-O-O Nb4 12. h4 c5 13. Rdg1 Rc8 14. Bd1
cxd4 15. Nxd4 Qa5 16. a4 Nd3+ 17. cxd3 Bxd4 18. Bc2 Bxc3 19. bxc3 Rxc3 20. Kd1
Rfc8 21. g4 Bd7 22. Ke1 Bxa4 23. Bxa4 Qxa4 24. Kf1 e5 25. Bg5 Rc2 26. Qe3 Nxg5
27. hxg5 Rf8 28. Rh2 Qa1+ 29. Kg2 Rfxf2+ 30. Qxf2 Rxf2+ 31. Kxf2 Qd4+ 32. Kf1
Qxd3+ 33. Re2 e4 34. Kf2 Qf3+ 35. Ke1 d4 36. Rgg2 Qc3+ 37. Kf1 Qf3+ 38. Ke1 e3
0-1

[Event "EYb18, Budva YUG"]
[Site "?"]
[Date "2003.??.??"]
[Round "7"]
[White "Jakymov, V."]
[Black "Smeets, J."]
[Result "1-0"]
[WhiteElo "2360"]
[BlackElo "2475"]
[PlyCount "189"]
[EventDate "2003.??.??"]

1. e4 c5 2. Nc3 e6 3. g3 d5 4. d3 Nc6 5. Bg2 Nf6 6. Bg5 Be7 7. Nge2 d4 8. Nb1
O-O 9. O-O e5 10. Bxf6 Bxf6 11. Nd2 b5 12. a4 Ba6 13. b3 bxa4 14. Rxa4 Bb5 15.
Ra1 a5 16. Nc4 Qc7 17. Na3 Ba6 18. f4 Qb6 19. Kh1 Qb4 20. Bh3 Ra7 21. Ng1 Bb7
22. Nc4 Ba6 23. Ra4 Qb7 24. Nf3 Bxc4 25. Rxc4 Qe7 26. Ra4 Qc7 27. Qd2 Rb8 28.
fxe5 Nxe5 29. Nxe5 Bxe5 30. Rfa1 Rb4 31. R4a2 g6 32. Qg5 Ra6 33. Qg4 Kg7 34.
Kg2 Ra7 35. Rf1 Ra6 36. Qg5 Rbb6 37. Qd2 Rb4 38. Bg4 Qe7 39. Raa1 Rb5 40. Rf2
h5 41. Bh3 Rf6 42. Rxf6 Qxf6 43. Rf1 Qe7 44. Bc8 Qd6 45. Qf2 f6 46. h4 Rb8 47.
Bh3 Qb6 48. g4 hxg4 49. Bxg4 Rh8 50. Rh1 Bc7 51. Rg1 Qd6 52. Kf1 Kf7 53. Bf3
Qh2 54. Rh1 Qxf2+ 55. Kxf2 Be5 56. Kg2 Kg7 57. Kh3 Bf4 58. Kg4 Be3 59. Kg3 Kf7
60. Bg4 Ke7 61. Ra1 Bd2 62. Rd1 Be3 63. Rh1 Kd6 64. Rf1 Ke7 65. Rh1 Kd6 66. Be2
Ke6 67. Rf1 f5 68. Bf3 Ke5 69. Rh1 Rh6 70. Bg2 Rh8 71. Rf1 Bd2 72. Bh1 Be3 73.
Bg2 Bd2 74. Ra1 Bc3 75. Rd1 c4 76. exf5 cxb3 77. cxb3 gxf5 78. Bc6 Rb8 79. Rb1
Rc8 80. Bb7 Rg8+ 81. Kf2 Kf4 82. h5 Rh8 83. Rh1 Rh6 84. Bd5 Ke5 85. Bf7 Bd2 86.
Bg6 Kd5 87. Ke2 Be3 88. Ra1 Kc5 89. Rxa5+ Kb4 90. Rxf5 Kxb3 91. Rf8 Kc3 92.
Rc8+ Kb3 93. Kf3 Bg5 94. Kg4 Bf6 95. Kf5 1-0

[Event "EYb18, Budva YUG"]
[Site "?"]
[Date "2003.??.??"]
[Round "7"]
[White "Zhigalko, A."]
[Black "Wojtaszek, R."]
[Result "0-1"]
[WhiteElo "2465"]
[BlackElo "2460"]
[PlyCount "112"]
[EventDate "2003.??.??"]

1. e4 c5 2. b3 Nc6 3. Bb2 d6 4. Bb5 e5 5. f4 Nge7 6. Ne2 a6 7. Bxc6+ Nxc6 8.
O-O g6 9. Nbc3 Bg7 10. Nd5 Be6 11. Ne3 Nd4 12. f5 Bd7 13. Ng3 h5 14. c3 h4 15.
Nh1 Nc6 16. Qf3 gxf5 17. Nxf5 Bxf5 18. Qxf5 Qe7 19. Nf2 Qe6 20. Ng4 Ne7 21.
Nf6+ Bxf6 22. Qxf6 Rh6 23. Qg7 h3 24. Rxf7 Qxf7 25. Qxh6 hxg2 26. Qh8+ Ng8 27.
Qh3 Nf6 28. d4 Nxe4 29. Qxg2 Qh7 30. Re1 d5 31. Re3 O-O-O 32. Qh3+ Qxh3 33.
Rxh3 exd4 34. cxd4 c4 35. bxc4 dxc4 36. Re3 Nf6 37. Ra3 Rd6 38. Kf2 b5 39. Ke2
Kd7 40. Rf3 b4 41. a3 a5 42. axb4 axb4 43. Kd1 Nd5 44. Kc2 Kc6 45. Rf8 Nb6 46.
h4 Rg6 47. h5 Rg2+ 48. Kc1 Rh2 49. Rf6+ Kb5 50. Rf5+ Ka4 51. d5 Kb3 52. d6 Rh1+
53. Kd2 Kxb2 54. Rb5 c3+ 55. Ke2 c2 56. Rxb4+ Ka3 0-1

[Event "EYb18, Budva YUG"]
[Site "?"]
[Date "2003.??.??"]
[Round "7"]
[White "Gasthofer, A."]
[Black "Laznicka, V."]
[Result "0-1"]
[WhiteElo "2410"]
[BlackElo "2445"]
[PlyCount "78"]
[EventDate "2003.??.??"]

1. Nf3 Nf6 2. g3 b5 3. Bg2 Bb7 4. O-O e6 5. c3 c5 6. d3 Be7 7. a4 b4 8. cxb4
cxb4 9. e4 Nc6 10. Re1 Rc8 11. Nbd2 d6 12. Nb3 O-O 13. h3 Re8 14. Bg5 h6 15.
Be3 d5 16. e5 Nd7 17. a5 Ba6 18. Qd2 Qc7 19. Bd4 Nxd4 20. Nbxd4 Qb7 21. h4 b3
22. Qd1 Rb8 23. Bh3 Nc5 24. Re3 Qd7 25. Kg2 Rb4 26. Ra3 Reb8 27. Kh2 Ra4 28.
Rxa4 Qxa4 29. Bf1 Rb4 30. Ne2 d4 31. Nexd4 Rxd4 32. Nxd4 Qxd4 33. Qe2 Bd8 34.
Qh5 Bb7 35. Bg2 Qxb2 36. d4 Qxf2 37. Qe2 Qxe2 38. Rxe2 Bxg2 39. Kxg2 Nd3 0-1

[Event "EYb18, Budva YUG"]
[Site "?"]
[Date "2003.??.??"]
[Round "7"]
[White "Seifert, V."]
[Black "Pakleza, Z."]
[Result "0-1"]
[WhiteElo "2370"]
[BlackElo "2340"]
[PlyCount "90"]
[EventDate "2003.??.??"]

1. d4 d6 2. e4 Nf6 3. f3 c5 4. Ne2 cxd4 5. Nxd4 e5 6. Nb3 d5 7. Bg5 Be6 8. Bxf6
gxf6 9. exd5 Qxd5 10. Qxd5 Bxd5 11. Nc3 Be6 12. O-O-O Nc6 13. Bb5 Rc8 14. Nd5
Bxd5 15. Rxd5 a6 16. Bxc6+ Rxc6 17. Rhd1 Rc7 18. Kb1 Be7 19. Nc1 h5 20. a4 h4
21. h3 Rg8 22. R1d2 Rg3 23. b3 Bb4 24. Re2 Rd7 25. Rxd7 Kxd7 26. Na2 Be7 27. c4
Ke6 28. Nc3 Rg8 29. Nd5 Bc5 30. Kc2 f5 31. Nc7+ Kf6 32. Nd5+ Ke6 33. Nc7+ Kd6
34. Nd5 b5 35. axb5 axb5 36. Nc3 bxc4 37. bxc4 Bd4 38. Kd3 Kc5 39. Ra2 e4+ 40.
Nxe4+ fxe4+ 41. Kxe4 Bc3 42. Kd3 Bb4 43. Re2 Rd8+ 44. Kc2 Kxc4 45. Re4+ Rd4 0-1

[Event "EYb18, Budva YUG"]
[Site "?"]
[Date "2003.??.??"]
[Round "7"]
[White "L'Ami, E."]
[Black "Meszaros, T."]
[Result "0-1"]
[WhiteElo "2435"]
[BlackElo "2305"]
[PlyCount "112"]
[EventDate "2003.??.??"]

1. d4 Nf6 2. c4 e6 3. Nc3 Bb4 4. e3 c5 5. Nge2 cxd4 6. exd4 O-O 7. a3 Be7 8. d5
exd5 9. cxd5 Bc5 10. b4 Bd6 11. g3 a5 12. b5 Be5 13. Bg2 d6 14. O-O Nbd7 15. h3
Re8 16. Be3 Nc5 17. Rc1 Bf5 18. g4 Bg6 19. Bxc5 dxc5 20. f4 Bxc3 21. Nxc3 Be4
22. Nxe4 Nxe4 23. Qc2 Nd6 24. Qxc5 Rc8 25. Qa7 Rxc1 26. Rxc1 Qf6 27. Rf1 Qc3
28. Qb6 Qxa3 29. f5 Qg3 30. Qf2 Qe5 31. b6 f6 32. Qa2 Qd4+ 33. Qf2 Qe5 34. Qa2
Qd4+ 35. Qf2 Qc3 36. Qf4 Qc5+ 37. Qf2 Re3 38. Kh2 Qxb6 39. Qf4 Re5 40. Qa4 Qc7
41. Kh1 b5 42. Qa1 Re2 43. Rc1 Nc4 44. Qd4 Qg3 45. Rg1 Qe3 46. Qxe3 Rxe3 47. d6
Nxd6 48. Rd1 Ne8 49. Rd7 Kf8 50. Bc6 b4 51. Rd8 Rxh3+ 52. Kg2 Re3 53. Kf2 Re5
54. Ra8 g6 55. fxg6 hxg6 56. Ba4 Kf7 0-1

[Event "EYb18, Budva YUG"]
[Site "?"]
[Date "2003.??.??"]
[Round "7"]
[White "Miljkovic, Mir"]
[Black "Barnaure, V."]
[Result "1/2-1/2"]
[WhiteElo "2410"]
[BlackElo "2315"]
[PlyCount "52"]
[EventDate "2003.??.??"]

1. d4 Nf6 2. c4 e6 3. Nc3 Bb4 4. Qc2 O-O 5. a3 Bxc3+ 6. Qxc3 b6 7. Bg5 Ba6 8.
Qf3 Nc6 9. e3 h6 10. Bxf6 Qxf6 11. Qxf6 gxf6 12. Nf3 Ne7 13. b4 d6 14. Nd2 f5
15. Be2 Bb7 16. O-O Rfd8 17. Rfc1 c5 18. Nb3 Rac8 19. bxc5 dxc5 20. dxc5 bxc5
21. Rd1 Rxd1+ 22. Rxd1 Rc7 23. h3 Nc8 24. Rd8+ Kg7 25. g4 fxg4 26. hxg4 Nb6
1/2-1/2

[Event "EYb18, Budva YUG"]
[Site "?"]
[Date "2003.??.??"]
[Round "7"]
[White "Cornette, M."]
[Black "Esen, B."]
[Result "0-1"]
[WhiteElo "2365"]
[BlackElo "2215"]
[PlyCount "48"]
[EventDate "2003.??.??"]

1. d4 d5 2. c3 Nf6 3. Bg5 c6 4. Nd2 Bf5 5. Bxf6 exf6 6. g3 Qb6 7. Qb3 Nd7 8.
Bg2 a5 9. Ngf3 Bd6 10. Nh4 Be6 11. Qc2 f5 12. O-O g6 13. e3 a4 14. c4 Be7 15.
Nhf3 O-O 16. c5 Qa5 17. Rfc1 Rfb8 18. Ne1 b6 19. cxb6 Rxb6 20. Nd3 Bd6 21. a3
Rab8 22. Rab1 Nf6 23. f3 h5 24. Qd1 Kg7 0-1

[Event "EYb18, Budva YUG"]
[Site "?"]
[Date "2003.??.??"]
[Round "7"]
[White "Gerzhoy, L."]
[Black "Lain, L."]
[Result "1-0"]
[WhiteElo "2410"]
[BlackElo "2260"]
[PlyCount "59"]
[EventDate "2003.??.??"]

1. d4 d5 2. c4 e6 3. Nf3 Nf6 4. g3 c6 5. Qc2 Bb4+ 6. Nbd2 Nbd7 7. Bg2 O-O 8.
O-O Re8 9. e4 dxe4 10. Nxe4 e5 11. Nxf6+ Qxf6 12. a3 Ba5 13. b4 Bc7 14. Re1 Qg6
15. Qxg6 hxg6 16. dxe5 Nxe5 17. Nxe5 Rxe5 18. Bf4 Rxe1+ 19. Rxe1 Bxf4 20. Re8+
Kh7 21. gxf4 f6 22. Bh3 f5 23. Bg2 g5 24. fxg5 Kg6 25. f4 Kf7 26. Rh8 Ke7 27.
h4 a5 28. b5 cxb5 29. cxb5 a4 30. h5 1-0

[Event "EYb18, Budva YUG"]
[Site "?"]
[Date "2003.??.??"]
[Round "7"]
[White "Semcesen, D."]
[Black "Manescu, T."]
[Result "1-0"]
[WhiteElo "2230"]
[BlackElo "2350"]
[PlyCount "63"]
[EventDate "2003.??.??"]

1. e4 c5 2. Nf3 Nc6 3. c3 d5 4. exd5 Qxd5 5. d4 cxd4 6. cxd4 e6 7. Nc3 Qd6 8.
Be2 Nf6 9. O-O Be7 10. Nb5 Qd8 11. Bf4 Nd5 12. Bg3 a6 13. Nc3 O-O 14. Rc1 Nf6
15. a3 b6 16. Qb3 Bb7 17. Rfd1 Rc8 18. Qa2 Nb8 19. Ne5 Nd5 20. Bc4 Bg5 21. Rc2
b5 22. Bd3 Nf4 23. Bf1 Qf6 24. Qb3 Rfd8 25. a4 Nd7 26. axb5 axb5 27. Qxb5 Qf5
28. Bxf4 Nxe5 29. Bxe5 Qxc2 30. Bd3 Qxd1+ 31. Nxd1 Rc1 32. Qxb7 1-0